| 000 | 00351nam a22001337a 4500 | ||
|---|---|---|---|
| 008 | 230623b xxu||||| |||| 00| 0 eng d | ||
| 020 | _a9966900640 | ||
| 082 |
_a330. _bOSE 1996 |
||
| 245 | _aForeign Exchange Bureaus in the Economy of Ghana | ||
| 260 |
_bAfrican Economic Research Consortium _c1996 |
||
| 300 | _a72p | ||
| 440 | _n45 | ||
| 942 |
_2ddc _cBK |
||
| 999 |
_c2398 _d2398 |
||